000 00735nam a2200253 4500
003 OSt
005 20260530115312.0
008 260508b2002 sp a|||| |||| 00| 0 eng d
020 _a3822816213
020 _a4887831331
040 _aICI
_bspa
_cICI
041 _aeng
050 _aN7433.8
_bF584 2002
100 1 _aWiedemann, Julius,
_eeditor
245 1 0 _a500 3D objects :
_b500 3D models and 500 images.
_cJ. Wiedemann
264 1 _aMadrid:
_bTASCHEN,
_c2002
300 _a511 páginas :
_bilustraciones
336 _atexto
_2rdacontent
337 _asin medio
_2rdamedia
338 _avolumen
_2rdacarrier
650 4 _aComputer graphics.
_933031
650 4 _aThree-dimensional display systems.
_933032
942 _2lcc
_cBK
_n1
999 _c13426
_d13426